| 000 | 00921nam a2200253 c 4500 | ||
|---|---|---|---|
| 001 | 000030696 | ||
| 003 | RuMoIPM | ||
| 005 | 20260601110019.0 | ||
| 008 | 230210s1966 ru ||||||| |||| ||rus d | ||
| 035 | _a(RuMoBEN) 001991720 | ||
| 035 | _a(ELAR retro) [2022] 000076084 | ||
| 040 |
_aRuMoBEN _brus _ercr |
||
| 041 | 0 | _arus | |
| 044 | _aru | ||
| 080 | _a511.2(075) | ||
| 080 | _a517.1(075) | ||
| 100 | 1 | _aБухштаб, Александр Адольфович | |
| 245 | 1 | 0 |
_aТеория чисел _b[Учебное пособие для физ.-мат. фак. пед. ин-тов] _cА. А. Бухштаб |
| 250 | _a2-е изд., испр. | ||
| 260 |
_aМосква _bПросвещение _c1966 |
||
| 300 |
_a384 с. _bграф. |
||
| 856 | 4 | 2 |
_3Карточка _qimage/jpeg _uhttps://koha-admin.benran.ru/cards/Карточки на русском языке/100_0001-001_4781/00000387.JPG |
| 942 | _cBK | ||
| 999 |
_c30696 _d30696 |
||